[Event "Corrado Bitti Memorial 5th"]
[Site "Laconi"]
[Date "2005.08.10"]
[Round "8"]
[White "Dessy, Eugenio"]
[Black "Biondelli, Marco"]
[Result "0-1"]
[WhiteElo "1530"]
[BlackElo "1538"]
[PlyCount "134"]
[EventDate "2005.08.06"]
[EventType "swiss"]
[EventRounds "9"]
[EventCountry "ITA"]
[SourceTitle "EXT 2007"]
[Source "ChessBase"]
[SourceDate "2006.11.23"]
[SourceVersion "1"]
[SourceVersionDate "2006.11.23"]
[SourceQuality "1"]

1. e4 e5 2. Nf3 Nc6 3. Bb5 a6 4. Ba4 Nf6 5. 0-0 b5 6. Bb3 Be7 7. Re1 d6 8. h3 0-0 9. c3 Na5 10. Bc2 c5 11. d4 Qc7 12. Nbd2 Be6 13. d5 Bd7 14. Nf1 c4 15. Ng3 Nb7 16. Nh4 g6 17. Bg5 Nc5 18. Rc1 Rae8 19. Nf3 Qd8 20. Bh6 Qb6 21. Be3 Qc7 22. Ng5 a5 23. Rf1 b4 24. Rb1 bxc3 25. bxc3 Rb8 26. f4 Rxb1 27. Bxb1 Rb8 28. fxe5 dxe5 29. Kh1 Kg7 30. Qd2 Qd6 31. Rd1 Na4 32. h4 Rb2 33. Qe1 h6 34. Nxf7 Kxf7 35. Bxh6 Bf8 36. Bc1 Rb8 37. Bc2 Kg7 38. Qe3 Kh7 39. Rf1 Bg7 40. Bd1 Qc5 41. Qd2 Rf8 42. h5 Ng4 43. hxg6+ Kg8 44. Rxf8+ Qxf8 45. Qe2 Qf2 46. Qf3 Qxf3 47. Bxf3 Nxc3 48. a3 a4 49. Nf5 Nf2+ 50. Kg1 Nd3 51. Bd2 Nb1 52. Bg5 c3 53. Ne7+ Kf8 54. Nc6 c2 55. Be7+ Ke8 56. Bg5 c1Q+ 57. Bxc1 Nxc1 58. Nxe5 Bxe5 59. Bh5 Bg7 60. e5 Bf5 61. g4 Be4 62. d6 Bd5 63. g5 Nxa3 64. Bg4 Be4 65. Bh5 Kf8 66. Bg4 Nb5 67. d7 Ke7 0-1

[Event "Corrado Bitti Memorial 5th"]
[Site "Laconi"]
[Date "2005.08.10"]
[Round "7"]
[White "Setzu, Francesco"]
[Black "Biondelli, Marco"]
[Result "1-0"]
[WhiteElo "1631"]
[BlackElo "1538"]
[PlyCount "149"]
[EventDate "2005.08.06"]
[EventType "swiss"]
[EventRounds "9"]
[EventCountry "ITA"]
[SourceTitle "EXT 2007"]
[Source "ChessBase"]
[SourceDate "2006.11.23"]
[SourceVersion "1"]
[SourceVersionDate "2006.11.23"]
[SourceQuality "1"]

1. d4 Nf6 2. Nf3 d5 3. Nbd2 c5 4. c3 Nc6 5. e3 Bf5 6. Nh4 Bc8 7. Bd3 e6 8. Nhf3 Bd6 9. dxc5 Bxc5 10. 0-0 0-0 11. Nb3 Bd6 12. Re1 Qc7 13. Nbd2 Ne5 14. Nxe5 Bxe5 15. h3 Bd7 16. Nf3 Bd6 17. Nd2 Be5 18. f4 Bd6 19. Nf3 Bc5 20. Ne5 Rad8 21. g4 Ne4 22. Qf3 Bc6 23. Nxc6 Qxc6 24. a4 f5 25. Kg2 Rf6 26. g5 Rff8 27. Qd1 Kh8 28. Qc2 Be7 29. h4 d4 30. Bxe4 Qxe4+ 31. Qxe4 fxe4 32. exd4 e5 33. dxe5 Rd3 34. Rxe4 Rfd8 35. Be3 b6 36. Bd4 Bc5 37. Bxc5 bxc5 38. Rae1 Kg8 39. f5 Rd2+ 40. R4e2 Kf8 41. Kf2 c4 42. Rxd2 Rxd2+ 43. Re2 Rd5 44. Kf3 Ra5 45. f6 gxf6 46. gxf6 h5 47. Kf4 Kf7 48. Ke4 Rxa4 49. Kd5 Ra5+ 50. Kd4 Ke6 51. Kxc4 Ra4+ 52. b4 Ra6 53. Kc5 Ra3 54. Re3 a5 55. bxa5 Rxa5+ 56. Kb4 Ra8 57. c4 Rb8+ 58. Kc3 Rg8 59. Kd4 Rd8+ 60. Ke4 Rc8 61. Rc3 Rc5 62. Kd4 Rc8 63. Re3 Rd8+ 64. Kc3 Rg8 65. Kd4 Rd8+ 66. Kc3 Rg8 67. Re4 Rc8 68. Kb4 Rb8+ 69. Kc5 Rc8+ 70. Kb6 Kf5 71. Kb7 Rc5 72. Kb6 Rc8 73. Re1 Ke6 74. c5 Kd5 75. e6 1-0

[Event "Corrado Bitti Memorial 5th"]
[Site "Laconi"]
[Date "2005.08.06"]
[Round "1"]
[White "Biondelli, Marco"]
[Black "Deruda, Leonardo"]
[Result "0-1"]
[WhiteElo "1538"]
[BlackElo "1820"]
[PlyCount "60"]
[EventDate "2005.08.06"]
[EventType "swiss"]
[EventRounds "9"]
[EventCountry "ITA"]
[SourceTitle "EXT 2007"]
[Source "ChessBase"]
[SourceDate "2006.11.23"]
[SourceVersion "1"]
[SourceVersionDate "2006.11.23"]
[SourceQuality "1"]

1. d4 Nf6 2. c4 c5 3. d5 b5 4. cxb5 a6 5. Nc3 Qa5 6. e3 d6 7. bxa6 Bxa6 8. Bxa6 Qxa6 9. Nge2 g6 10. 0-0 Bg7 11. Qc2 Nbd7 12. e4 Ne5 13. Bf4 Nd3 14. Rfd1 c4 15. h3 0-0 16. Be3 Rfb8 17. Bc1 Nd7 18. Nf4 N7c5 19. f3 Nxf4 20. Bxf4 Nd3 21. Bc1 Qb6+ 22. Kf1 Qd4 23. Rb1 Qe5 24. Kg1 Qg3 25. Rxd3 cxd3 26. Qxd3 Qe1+ 27. Kh2 Qh4 28. g3 Qh5 29. a3 Rb3 30. f4 Rab8 0-1